000 00328nam a22001337a 4500
020 _a0-931790-23-9
041 _aENG
100 _aHirshberg Gary
245 _aThe New Alchemy Water Pumping Windmill Book
260 _aMassachusetts
_bBrick House Publishing
_c1982
300 _a141
650 _aIDE ( 05 )
856 _uIDE ( 05 )
999 _c2777
_d2777